| 000 | 00507cam a2200205ua 4500 | ||
|---|---|---|---|
| 001 | 2362 | ||
| 005 | 20260515113458.0 | ||
| 008 | 110805n ii |||gr||||Z||||||eng | ||
| 020 | _a81-259-0088-8 | ||
| 040 | _cMAIN | ||
| 082 | _a327 | ||
| 100 | _aKhanna, V N., | ||
| 245 |
_aInternational relations. _cBy V N Khanna. |
||
| 250 | _a1st. | ||
| 260 |
_aNew Delhi: _bVikash publishing,996. |
||
| 300 |
_a429 p.: _c23 cm. |
||
| 653 | _aPolitical science. | ||
| 653 | _aInternational Relations. | ||
| 942 | _cBK | ||
| 999 |
_c2218 _d2218 |
||